The China--Hong Kong connection : (Record no. 591654)
[ view plain ]
| 000 -LEADER | |
|---|---|
| fixed length control field | 01329cam a2200325 a 4500 |
| 001 - CONTROL NUMBER | |
| control field | 3905121 |
| 005 - DATE AND TIME OF LATEST TRANSACTION | |
| control field | 20221011102331.0 |
| 008 - FIXED-LENGTH DATA ELEMENTS--GENERAL INFORMATION | |
| fixed length control field | 910522s1991 enka b 001 0 eng |
| 010 ## - LIBRARY OF CONGRESS CONTROL NUMBER | |
| LC control number | 91014780 |
| 020 ## - INTERNATIONAL STANDARD BOOK NUMBER | |
| International Standard Book Number | 0521382459 |
| 040 ## - CATALOGING SOURCE | |
| Original cataloging agency | DLC |
| Transcribing agency | DLC |
| Modifying agency | DLC |
| 043 ## - GEOGRAPHIC AREA CODE | |
| Geographic area code | a-cc--- |
| -- | a-hk--- |
| 050 00 - LIBRARY OF CONGRESS CALL NUMBER | |
| Classification number | HF1604 |
| Item number | .S87 1991 |
| 082 00 - DEWEY DECIMAL CLASSIFICATION NUMBER | |
| Classification number | 337.5105125 |
| Author Mark | SUN |
| 100 1# - MAIN ENTRY--PERSONAL NAME | |
| Personal name | Sung, Yun-Wing |
| Dates associated with a name | 1948- |
| 9 (RLIN) | 99780 |
| 245 14 - TITLE STATEMENT | |
| Title | The China--Hong Kong connection : |
| Remainder of title | the key to China's open-door policy / |
| Statement of responsibility, etc. | Yun-Wing Sung. |
| 260 ## - PUBLICATION, DISTRIBUTION, ETC. | |
| Place of publication, distribution, etc. | Cambridge ; |
| -- | New York, NY : |
| Name of publisher, distributor, etc. | Cambridge University Press, |
| Date of publication, distribution, etc. | 1991. |
| 300 ## - PHYSICAL DESCRIPTION | |
| Extent | xiv, 183 p. : |
| Other physical details | ill. ; |
| Dimensions | 22 cm. |
| 490 1# - SERIES STATEMENT | |
| Series statement | Trade and development |
| 504 ## - BIBLIOGRAPHY, ETC. NOTE | |
| Bibliography, etc. note | Includes bibliographical references (p. 177-180) and index. |
| 650 #0 - SUBJECT ADDED ENTRY--TOPICAL TERM | |
| Topical term or geographic name entry element | Intermediation (Finance) |
| 9 (RLIN) | 99781 |
| 651 #0 - SUBJECT ADDED ENTRY--GEOGRAPHIC NAME | |
| Geographic name | China |
| General subdivision | Commercial policy. |
| 9 (RLIN) | 99782 |
| 651 #0 - SUBJECT ADDED ENTRY--GEOGRAPHIC NAME | |
| Geographic name | Hong Kong (China) |
| General subdivision | Commerce. |
| 9 (RLIN) | 99783 |
| 830 #0 - SERIES ADDED ENTRY--UNIFORM TITLE | |
| Uniform title | Trade and development (Cambridge, England) |
| 9 (RLIN) | 99784 |
| 856 42 - ELECTRONIC LOCATION AND ACCESS | |
| Materials specified | Publisher description |
| Uniform Resource Identifier | <a href="http://www.loc.gov/catdir/description/cam024/91014780.html">http://www.loc.gov/catdir/description/cam024/91014780.html</a> |
| 856 41 - ELECTRONIC LOCATION AND ACCESS | |
| Materials specified | Table of contents |
| Uniform Resource Identifier | <a href="http://www.loc.gov/catdir/toc/cam028/91014780.html">http://www.loc.gov/catdir/toc/cam028/91014780.html</a> |
| 906 ## - LOCAL DATA ELEMENT F, LDF (RLIN) | |
| a | 7 |
| b | cbc |
| c | orignew |
| d | 1 |
| e | ocip |
| f | 19 |
| g | y-gencatlg |
| 942 ## - ADDED ENTRY ELEMENTS (KOHA) | |
| Source of classification or shelving scheme | |
| Koha item type | Book |
| Withdrawn status | Lost status | Source of classification or shelving scheme | Damaged status | Not for loan | Permanent Location | Current Location | Shelving location | Date acquired | Source of acquisition | Total Checkouts | Full call number | Barcode | Date last seen | Price effective from | Koha item type |
|---|---|---|---|---|---|---|---|---|---|---|---|---|---|---|---|
| Central Library (CL) | Central Library (CL) | Chinese Studies | 10/11/2022 | Donated by China Embassy | 337.5105125 SUN | CL-D-1869 | 05/17/2023 | 10/11/2022 | Book |
